| 000 | 00348nam a2200145Ia 4500 | ||
|---|---|---|---|
| 100 | _aLecarme/ O/ Nebut/J.L | ||
| 942 | _cBK | ||
| 654 | _apascal | ||
| 245 | _aPascal for programmers : Short self instructional course | ||
| 260 |
_bMc Graw Hill _aNew York _c1986 |
||
| 082 |
_a1.6424 _bLEC/NE |
||
| 300 | _a272 | ||
| 546 | _aENGLISH | ||
| 999 |
_c31532 _d31532 |
||